| 000 | 00676nam a2200157Ia 4500 | ||
|---|---|---|---|
| 008 | 160316s1995 xxu||||| |||| 00| 0 eng d | ||
| 082 |
_a333.720000 _bHAD |
||
| 100 | _aHadker Nandini | ||
| 245 | _aAre people in developing countries willing to pay for natural reserve preservation?: Evidence froma CV of the Borivli National Park, Bombay | ||
| 250 | _a | ||
| 260 |
_aBombay _bIndira Gandhi Institute of Development Research _c1995 |
||
| 300 |
_a30 _b _c |
||
| 365 | _b | ||
| 650 | _a1. Contingent valuation 2. Interview schedule 3. Double-dichotomous bid 4. Consumer welfare measure 5. Blue-Ribbon Panels recommendations - National park | ||
| 700 |
_aSharma Sudhir _aDavid Ashish |
||
| 999 |
_c36863 _d36863 |
||